|
|
|
|
| LEADER |
00000nam0a2200000 4500 |
| 001 |
142550 |
| 005 |
20231101220956.0 |
| 035 |
|
|
|a (RuTPU)RU\TPU\book\154480
|
| 090 |
|
|
|a 142550
|
| 100 |
|
|
|a 20080909d1978 m y0rusy50 ca
|
| 101 |
0 |
|
|a rus
|
| 102 |
|
|
|a RU
|
| 105 |
|
|
|a a z 000zb
|
| 200 |
1 |
|
|a Н. И. Калита
|f Я. Л. Бейлинсон
|g Московский клуб экслибрисистов
|
| 210 |
|
|
|a Москва
|c Книга
|d 1978
|
| 215 |
|
|
|a 45 с.
|c ил.
|
| 225 |
1 |
|
|a Книжные знаки мастеров графики
|
| 600 |
|
1 |
|a Калита
|b Н. И.
|c российский художник-график
|f 1926-
|g Николай Иванович
|2 stltpush
|3 (RuTPU)RU\TPU\pers\22644
|9 9686
|
| 610 |
1 |
|
|a искусство
|
| 610 |
1 |
|
|a Россия
|
| 610 |
1 |
|
|a 20 век
|
| 610 |
1 |
|
|a графика
|
| 610 |
1 |
|
|a книжные иллюстраторы
|
| 610 |
1 |
|
|a экслибрисистика
|
| 610 |
1 |
|
|a гравюры
|
| 675 |
|
|
|a 76:655
|v 3
|
| 686 |
|
|
|a Ч611.68
|2 rubbk
|
| 700 |
|
1 |
|a Бейлинсон
|b Я. Л.
|g Яков Лазаревич
|
| 712 |
0 |
2 |
|a Московский клуб экслибрисистов
|2 stltpush
|3 (RuTPU)RU\TPU\col\13382
|9 25631
|
| 801 |
|
1 |
|a RU
|b 63413507
|c 20080909
|g PSBO
|
| 801 |
|
2 |
|a RU
|b 63413507
|c 20090723
|g PSBO
|
| 942 |
|
|
|c BK
|